000 00310 a2200157 4500
001 182954
020 _a850071327-5
040 _cMagnum
100 _aPena, Martins
240 1 0 _aComédias
_lpor
245 1 0 _aComédias
300 _a349
440 1 _aEdiouro
697 _aLITERATURA GERAL
942 _cBK
999 _c182954
_d182954